000 00411nam a22001217a 4500
008 230612b xxu||||| |||| 00| 0 eng d
082 _a352.4908
_bKEN
245 _a2016/2017 Estimates of Recurrent Expenditure of the Government of Kenya for the Year Ending 30th June 2017
_cGovernment of Kenya
260 _aKenya
_bGovernment of Kenya
_c2017
300 _a565 p
710 _bGovernment of Kenya
942 _2ddc
_cBK
999 _c1114
_d1114